Welcome to the Holygrace Academy Library

Please use search bar below to get started

ADITHYANUM RADHAYUM MATTU CHILARUM (Record no. 7187)

MARC details
000 -LEADER
fixed length control field 00318nam a22001457a 4500
020 ## - INTERNATIONAL STANDARD BOOK NUMBER
ISBN 81-713-0232-7
082 ## - DEWEY DECIMAL CLASSIFICATION NUMBER
Classification number 894.812.3
Item number MUK/A
100 ## - MAIN ENTRY--AUTHOR NAME
Personal name MUKUNDAN.M
245 ## - TITLE STATEMENT
Title ADITHYANUM RADHAYUM MATTU CHILARUM
260 ## - PUBLICATION, DISTRIBUTION, ETC. (IMPRINT)
Place of publication KOTTAYAM
Name of publisher DC BOOKS
Year of publication 2023
300 ## - PHYSICAL DESCRIPTION
Number of Pages 167
520 ## - SUMMARY, ETC.
Summary, etc NOVEL
650 ## - SUBJECT ADDED ENTRY--TOPICAL TERM
Topical Term NOVEL
942 ## - ADDED ENTRY ELEMENTS (KOHA)
Koha item type Books
Holdings
Withdrawn status Lost status Collection code Home library Current library Shelving location Date acquired Source of acquisition Cost, normal purchase price Full call number Accession Number Koha item type
    Fiction Main Library Main Library NEW SHELF WITH NEW ENTRY 11/11/2023 Purchase 199.00 894.812.3 MUK/A 13334 Books